000 00993nam a22003257a 4500
001 0011610
003 DO-SdBNP
005 20171109122342.0
007 0011610
008 161012b 2004 mx||||| |||| 00| 0 spa d
020 _a9681915399
040 _aBPMSU
_bspa
_cBPMSU
082 _a590
_bT238a
100 1 _aTaylor, Barbara
245 1 0 _aAnimales gigantes /
_cBarbara Taylor ; prólogo Robert Napier ; editor Vicky Weber
260 0 _aMéxico, D.F. :
_bAltea,
_c2004.
300 _a61 p. :
_bil.,
_c28 cm.
500 _aIncluye guía de internet, lugares que visitar y carreras universitarias relacionadas
650 4 _aANIMALES FÓSILES
650 4 _aMAMÍFEROS
650 4 _aINSECTOS
650 4 _aANIMALES ACUÁTICOS
650 4 _aAVES
700 1 2 _aNapier, Robert,
_epról.
700 1 2 _aWeber, Vicky,
_eed.
910 _aValidado. Control de calidad MFF
942 _2ddc
_cBK
945 _aInventariado extranjero / 2017 VM
956 _aBTAVÁREZ
_b10
_c20161012
_d0011610
999 _c11547
_d11547